Kpop Fandom Names - Statistics

General Stats
  • This quiz has been taken 820 times
  • The average score is 16 of 22
Answer Stats
Hint Answer % Correct
Blink BlackPink
99%
Exo-L EXO
99%
Stay Straykids
99%
Army BTS
98%
NCTzen NCT
98%
Igot7 Got7
97%
Atiny Ateez
95%
MooMoo Mamamoo
95%
SHINee World Shinee
95%
Once Twice
95%
MIDZY Itzy
94%
Reveluv Red Velvet
92%
Carat Seventeen
92%
MOA TXT
91%
Neverland (G)I-dle
66%
Monbebe Monsta x
61%
Aroha Astro
54%
BlackJacks 2ne1
45%
Insomia Dreamcatcher
42%
Cheshire CLC
21%
GEM MCND
10%
Harling Holland
7%
No matching quizzes found
Score Distribution
Percent of People with Each Score
Percentile by Number Answered
Your Score History
You have not taken this quiz